Formula 1 Podiums in 2021 - Statistics

General Stats
  • This quiz has been taken 2,346 times
  • The average score is 65 of 66
Answer Stats
GP Driver % Correct
Bahrain Lewis Hamilton
100%
Emilia Romagna Lewis Hamilton
100%
Portuguese Lewis Hamilton
100%
Spanish Lewis Hamilton
100%
French Lewis Hamilton
100%
Styrian Lewis Hamilton
100%
British Lewis Hamilton
100%
Hungarian Lewis Hamilton
100%
Belgian Lewis Hamilton
100%
Dutch Lewis Hamilton
100%
Russian Lewis Hamilton
100%
United States Lewis Hamilton
100%
Mexican Lewis Hamilton
100%
Sao Paolo Lewis Hamilton
100%
Qatar Lewis Hamilton
100%
Saudi Arabian Lewis Hamilton
100%
Abu Dhabi Lewis Hamilton
100%
Bahrain Max Verstappen
100%
Emilia Romagna Max Verstappen
100%
Portuguese Max Verstappen
100%
Spanish Max Verstappen
100%
Monaco Max Verstappen
100%
French Max Verstappen
100%
Styrian Max Verstappen
100%
Austrian Max Verstappen
100%
Belgian Max Verstappen
100%
Dutch Max Verstappen
100%
Russian Max Verstappen
100%
Turkish Max Verstappen
100%
United States Max Verstappen
100%
Mexican Max Verstappen
100%
Sao Paolo Max Verstappen
100%
Qatar Max Verstappen
100%
Saudi Arabian Max Verstappen
100%
Abu Dhabi Max Verstappen
100%
British Charles Leclerc
98%
Emilia Romagna Lando Norris
98%
Monaco Lando Norris
98%
Austrian Lando Norris
98%
Italian Lando Norris
98%
Azerbaijan Sergio Perez
98%
French Sergio Perez
98%
Turkish Sergio Perez
98%
United States Sergio Perez
98%
Mexican Sergio Perez
98%
Monaco Carlos Sainz
97%
Hungarian Carlos Sainz
97%
Russian Carlos Sainz
97%
Abu Dhabi Carlos Sainz
97%
Bahrain Valtteri Bottas
97%
Portuguese Valtteri Bottas
97%
Spanish Valtteri Bottas
97%
Styrian Valtteri Bottas
97%
Austrian Valtteri Bottas
97%
British Valtteri Bottas
97%
Dutch Valtteri Bottas
97%
Italian Valtteri Bottas
97%
Turkish Valtteri Bottas
97%
Sao Paolo Valtteri Bottas
97%
Saudi Arabian Valtteri Bottas
97%
Italian Daniel Ricciardo
96%
Hungarian Esteban Ocon
96%
Azerbaijan Pierre Gasly
94%
Azerbaijan Sebastian Vettel
94%
Qatar Fernando Alonso
93%
Belgian George Russell
90%
No matching quizzes found
Score Distribution
Percent of People with Each Score
Percentile by Number Answered
Your Score History
You have not taken this quiz